000 00784cam a22002413a 4500
001 28157
003 PGUSA
005 20140828083616.0
008 090223s2009||||xxu|||||s|||||000 | eng d
040 _aPGUSA
_beng
042 _adc
050 4 _aDA
100 1 _aGardiner, Samuel Rawson,
_d1829-1902
245 1 2 _aA Student's History of England, v. 1 (of 3) :
_bFrom the earliest times to the Death of King Edward VII
_h[electronic resource] /
_cSamuel Rawson Gardiner
260 _bProject Gutenberg,
_c2009
500 _aThis volume covers B.C. 55-A.D. 1509.
506 _aPublic domain in the USA.
516 _aElectronic text
653 _aGreat Britain -- History
830 0 _aProject Gutenberg
_v28157
856 4 0 _uhttp://www.gutenberg.org/ebooks/28157
942 _cEB
999 _c257412
_d257412